000 00740nam a2200289Ia 4500
005 20260324111902.0
008 008 260324s9999 xx 000 0 eng d
020 _a9781003601654
037 _aEBOOK
040 _aCRL
040 _beng
040 _cCRL
041 _2eng
041 _aeng
084 _qCRL
100 _aMilton Fernando Gonzalez Rodriguez
_91140414
245 0 _aLanguage, Pharmacy and Society
245 4 _bThe Sounds of Local Knowledges and the Linguistic Logistics of Science
260 _bTaylor and Francis
260 _c2025
365 _a
365 _b230
856 _uhttp://www.taylorfrancis.com/books/9781003601654
942 _cEBOOK
999 _c1729388
_d1729388